[Event "Montesilvano Promenade op 1st"]
[Site "Montesilvano"]
[Date "2015.01.04"]
[Round "3"]
[White "Forlano, Luigi"]
[Black "Molina, Fabrizio"]
[Result "0-1"]
[WhiteElo "2002"]
[BlackElo "2246"]
[PlyCount "66"]
[EventDate "2015.01.03"]
[EventType "swiss"]
[EventRounds "6"]
[EventCountry "ITA"]
[SourceTitle "CBM 164 Extra"]
[Source "ChessBase"]
[SourceDate "2015.03.02"]
[SourceVersion "1"]
[SourceVersionDate "2015.03.02"]
[SourceQuality "1"]

1. d4 d5 2. g3 Nf6 3. Bg2 c5 4. Nf3 Nc6 5. c4 e6 6. 0-0 Be7 7. cxd5 exd5 8. a3 0-0 9. dxc5 Bxc5 10. b4 Bb6 11. Bb2 Re8 12. Nc3 a6 13. Na4 Ba7 14. Rc1 Ne4 15. Nc3 Be6 16. Nxe4 dxe4 17. Qxd8 Raxd8 18. Ng5 e3 19. Nxe6 exf2+ 20. Kh1 Rxe6 21. Bf3 h6 22. Kg2 Red6 23. Bc3 Be3 24. Ra1 b5 25. Rab1 Ne7 26. Bb2 Nd5 27. Bxd5 Rxd5 28. Bc1 Bb6 29. e3 Rc8 30. Kxf2 Rc2+ 31. Ke1 Rxh2 32. Rf2 Rh3 33. Rb3 Rh1+ 0-1

[Event "Krakow op"]
[Site "Krakow"]
[Date "2011.08.11"]
[Round "7"]
[White "Jacko, Vladimir1111"]
[Black "Forlano, Luigi"]
[Result "1-0"]
[WhiteElo "2200"]
[BlackElo "1987"]
[PlyCount "24"]
[EventDate "2011.08.06"]
[EventType "swiss"]
[EventRounds "9"]
[EventCountry "POL"]
[SourceTitle "CBM 144 Extra"]
[Source "ChessBase"]
[SourceDate "2011.10.28"]
[SourceVersion "1"]
[SourceVersionDate "2011.10.28"]
[SourceQuality "1"]

1. Nf3 d5 2. g3 c5 3. Bg2 Nc6 4. 0-0 Nf6 5. d3 e5 6. c4 d4 7. e3 Be7 8. exd4 exd4 9. Na3 0-0 10. Re1 Bg4 11. h3 Bd7 12. g4 a6 1-0

[Event "Krakow op"]
[Site "Krakow"]
[Date "2011.08.09"]
[Round "5"]
[White "Martin Perez, Javier"]
[Black "Forlano, Luigi"]
[Result "1-0"]
[WhiteElo "2182"]
[BlackElo "1987"]
[PlyCount "83"]
[EventDate "2011.08.06"]
[EventType "swiss"]
[EventRounds "9"]
[EventCountry "POL"]
[SourceTitle "CBM 144 Extra"]
[Source "ChessBase"]
[SourceDate "2011.10.28"]
[SourceVersion "1"]
[SourceVersionDate "2011.10.28"]
[SourceQuality "1"]

1. e4 c5 2. Nf3 g6 3. d4 cxd4 4. Nxd4 Nc6 5. Nxc6 bxc6 6. Qd4 Nf6 7. e5 Nd5 8. c4 Nc7 9. Be3 Bg7 10. f4 0-0 11. Qd2 d6 12. exd6 exd6 13. Nc3 Bg4 14. h3 Qh4+ 15. Qf2 Qh5 16. Bd3 Rab8 17. 0-0 Bxh3 18. gxh3 Qxh3 19. Rfe1 Rfe8 20. Bf1 Qg4+ 21. Bg2 d5 22. Bxa7 Ra8 23. Rxe8+ Rxe8 24. Qf3 Qxf3 25. Bxf3 d4 26. Ne2 Ne6 27. Bxc6 Rc8 28. Bd5 d3 29. Bxe6 fxe6 30. Nc3 Rxc4 31. Rd1 Bxc3 32. bxc3 Rxc3 33. Rd2 Kf7 34. Kf2 Rc2 35. Ke3 Rxd2 36. Kxd2 Ke8 37. Bd4 h6 38. Bf6 g5 39. Bxg5 e5 40. fxe5 hxg5 41. Kxd3 Ke7 42. a4 1-0

[Event "Bisaccia op 2nd"]
[Site "Bisaccia"]
[Date "2010.06.01"]
[Round "6"]
[White "Forlano, Luigi"]
[Black "Kizov, Atanas"]
[Result "0-1"]
[WhiteElo "2024"]
[BlackElo "2394"]
[PlyCount "53"]
[EventDate "2010.05.29"]
[EventType "swiss"]
[EventRounds "7"]
[EventCountry "ITA"]
[SourceTitle "EXT 2024"]
[Source "ChessBase"]
[SourceDate "2023.10.10"]
[SourceVersion "1"]
[SourceVersionDate "2023.10.10"]
[SourceQuality "1"]

1. e4 c5 2. Nc3 g6 3. f4 Bg7 4. Nf3 a6 5. g3 e6 6. d4 cxd4 7. Nxd4 Ne7 8. Be3 b5 9. Bg2 Bb7 10. Qd2 d5 11. e5 Nd7 12. 0-0 h5 13. h3 Nf5 14. Nxf5 gxf5 15. Rfe1 Bf8 16. Rad1 Nc5 17. Bxc5 Bxc5+ 18. Kh2 Qb6 19. Bxd5 exd5 20. Nxd5 Bxd5 21. Qxd5 Rd8 22. Qf3 Ke7 23. e6 Rxd1 24. Rxd1 fxe6 25. Qc3 Rg8 26. Qd3 h4 27. g4 0-1

[Event "Bisaccia op 2nd"]
[Site "Bisaccia"]
[Date "2010.05.30"]
[Round "2"]
[White "Forlano, Luigi"]
[Black "Di Muccio, Lindoro"]
[Result "1-0"]
[WhiteElo "2024"]
[BlackElo "1934"]
[PlyCount "69"]
[EventDate "2010.05.29"]
[EventType "swiss"]
[EventRounds "7"]
[EventCountry "ITA"]
[SourceTitle "EXT 2024"]
[Source "ChessBase"]
[SourceDate "2023.10.10"]
[SourceVersion "1"]
[SourceVersionDate "2023.10.10"]
[SourceQuality "1"]

1. e4 c5 2. Nc3 d6 3. f4 e6 4. Nf3 a6 5. g3 Nf6 6. d3 b5 7. Bg2 Bb7 8. 0-0 Be7 9. h3 0-0 10. g4 e5 11. f5 Nc6 12. g5 Ne8 13. Nd5 f6 14. g6 h6 15. Qe1 Nb4 16. Nxb4 cxb4 17. Qh4 Qc7 18. Nh2 d5 19. Ng4 Bc5+ 20. Kh2 dxe4 21. dxe4 Nd6 22. Bxh6 gxh6 23. Nxh6+ Kg7 24. Ng4 Kg8 25. Nxf6+ Rxf6 26. Qxf6 Re8 27. Qg5 Nxe4 28. Bxe4 Bxe4 29. f6 Re6 30. Rad1 Bd6 31. Rxd6 Qxd6 32. f7+ Kg7 33. f8Q+ Qxf8 34. Rxf8 Kxf8 35. Qd8+ 1-0

[Event "Praia op 2nd"]
[Site "Praia a Mare"]
[Date "2010.04.02"]
[Round "5"]
[White "Gad, Ahmad"]
[Black "Forlano, Luigi"]
[Result "0-1"]
[WhiteElo "1963"]
[BlackElo "2011"]
[PlyCount "68"]
[EventDate "2010.03.31"]
[EventType "swiss"]
[EventRounds "5"]
[EventCountry "ITA"]
[SourceTitle "EXT 2023"]
[Source "ChessBase"]
[SourceDate "2022.10.05"]
[SourceVersion "1"]
[SourceVersionDate "2022.10.05"]
[SourceQuality "1"]

1. e4 c6 2. d3 d5 3. Nd2 e5 4. Ngf3 Bd6 5. g3 Bg4 6. h3 Be6 7. Bg2 Nd7 8. 0-0 f6 9. exd5 cxd5 10. c4 Ne7 11. Re1 0-0 12. Nd4 Bf7 13. Nc2 Nc5 14. Qe2 a5 15. Na3 Rc8 16. Nb5 Re8 17. b3 Bg6 18. d4 exd4 19. Ba3 d3 20. Qg4 Be5 21. Rad1 h5 22. Qf3 Ne4 23. cxd5 Ng5 24. Qe3 Nxd5 25. Qa7 Nc3 26. Nxc3 Bxc3 27. Re3 Rxe3 28. Qxe3 Bd4 29. Qf4 Qd7 30. Bd6 Ba7 31. Kh2 Bxf2 32. Bd5+ Kh7 33. Bg2 Re8 34. Rc1 Be3 0-1

[Event "St Eufemia d'Aspromonte op 3rd"]
[Site "St Eufemia d'Aspromonte"]
[Date "2010.01.02"]
[Round "1"]
[White "Efimov, Igor"]
[Black "Forlano, Luigi"]
[Result "1-0"]
[WhiteElo "2462"]
[BlackElo "2011"]
[PlyCount "45"]
[EventDate "2010.01.02"]
[EventType "swiss"]
[EventRounds "7"]
[EventCountry "ITA"]
[SourceTitle "CBM 134 Extra"]
[Source "ChessBase"]
[SourceDate "2010.03.03"]
[SourceVersion "1"]
[SourceVersionDate "2010.03.03"]
[SourceQuality "1"]

1. e4 c5 2. Nf3 g6 3. d4 cxd4 4. Nxd4 Nc6 5. Nc3 Bg7 6. Be3 Nf6 7. Nxc6 bxc6 8. e5 Ng8 9. f4 f6 10. Bd4 d6 11. exd6 exd6 12. Qf3 Ne7 13. 0-0-0 0-0 14. g4 Qa5 15. Bc4+ d5 16. Rhe1 dxc4 17. Rxe7 Qb4 18. Nd5 Qd6 19. Rxg7+ Kxg7 20. Nxf6 Kf7 21. Be5 Qe7 22. Rd6 Qxd6 23. Bxd6 1-0

[Event "Filadelfia op 1st"]
[Site "Filadelfia"]
[Date "2009.12.07"]
[Round "4"]
[White "Forlano, Luigi"]
[Black "Familari, Giuseppe"]
[Result "0-1"]
[WhiteElo "2018"]
[BlackElo "1832"]
[PlyCount "60"]
[EventDate "2009.12.05"]
[EventType "swiss"]
[EventRounds "7"]
[EventCountry "ITA"]
[SourceTitle "EXT 2012"]
[Source "ChessBase"]
[SourceDate "2011.11.24"]
[SourceVersion "1"]
[SourceVersionDate "2011.11.24"]
[SourceQuality "1"]

1. e4 e6 2. d3 d5 3. Nd2 Nf6 4. Ngf3 b6 5. e5 Nfd7 6. g3 c5 7. c3 Nc6 8. d4 Be7 9. Bb5 Bb7 10. 0-0 g5 11. dxc5 bxc5 12. Qa4 Qc7 13. c4 a6 14. Bxc6 Bxc6 15. Qc2 g4 16. Ne1 Nxe5 17. f4 Nd7 18. Nd3 h5 19. b3 0-0-0 20. cxd5 Bxd5 21. Bb2 Rhg8 22. Be5 Nxe5 23. fxe5 Bb7 24. Rfe1 h4 25. Rac1 Bg5 26. Nf4 Bxf4 27. gxf4 f6 28. h3 Rxd2 29. Qxd2 Qc6 30. Kf1 Qf3+ 0-1

[Event "Filadelfia op 1st"]
[Site "Filadelfia"]
[Date "2009.12.06"]
[Round "2"]
[White "Forlano, Luigi"]
[Black "Carbone, Stefano"]
[Result "1-0"]
[WhiteElo "2018"]
[BlackElo "1758"]
[PlyCount "43"]
[EventDate "2009.12.05"]
[EventType "swiss"]
[EventRounds "7"]
[EventCountry "ITA"]
[SourceTitle "EXT 2012"]
[Source "ChessBase"]
[SourceDate "2011.11.24"]
[SourceVersion "1"]
[SourceVersionDate "2011.11.24"]
[SourceQuality "1"]

1. e4 g6 2. d4 Bg7 3. Be3 d6 4. Qd2 a6 5. Bd3 Nd7 6. Ne2 e5 7. c3 c5 8. a4 b6 9. Na3 Bb7 10. Nc4 Qc7 11. f4 f6 12. 0-0 Ne7 13. dxe5 dxe5 14. Bc2 Nc8 15. fxe5 Nxe5 16. Nxe5 Qxe5 17. Bb3 Qxe4 18. Ng3 Qc6 19. Rad1 Ne7 20. Ne4 Nf5 21. Rxf5 Qxe4 22. Qd7+ 1-0

[Event "Filadelfia op 1st"]
[Site "Filadelfia"]
[Date "2009.12.06"]
[Round "3"]
[White "Santagati, Alessandro"]
[Black "Forlano, Luigi"]
[Result "1-0"]
[WhiteElo "2176"]
[BlackElo "2018"]
[PlyCount "105"]
[EventDate "2009.12.05"]
[EventType "swiss"]
[EventRounds "7"]
[EventCountry "ITA"]
[SourceTitle "EXT 2012"]
[Source "ChessBase"]
[SourceDate "2011.11.24"]
[SourceVersion "1"]
[SourceVersionDate "2011.11.24"]
[SourceQuality "1"]

1. d4 d5 2. c4 c6 3. e3 Nf6 4. Nc3 a6 5. Nf3 b5 6. cxd5 cxd5 7. Be2 Bb7 8. 0-0 e6 9. Bd2 Nbd7 10. Rc1 Bd6 11. a3 0-0 12. Na2 Qb6 13. Bb4 Rfc8 14. Bxd6 Qxd6 15. b4 Ne4 16. Nd2 Rxc1 17. Nxc1 Nc3 18. Qc2 Rc8 19. Ndb3 Nxe2+ 20. Qxe2 Nb6 21. Nc5 Qc7 22. f4 Nc4 23. f5 exf5 24. Rxf5 Re8 25. Rf3 Bc8 26. Rg3 Qe7 27. N1d3 Nxe3 28. Nf4 Ng4 29. Qxe7 Rxe7 30. Ncd3 Nf6 31. Rg5 Be6 32. Nc5 Kf8 33. Nfxe6+ fxe6 34. Nxa6 Ra7 35. Nc5 Rxa3 36. h3 Ra1+ 37. Kh2 Rb1 38. Nxe6+ Ke7 39. Nc7 g6 40. Re5+ Kd7 41. Na6 Rd1 42. Nc5+ Kd8 43. g4 Rb1 44. g5 Rb2+ 45. Kg3 Nh5+ 46. Kf3 Rxb4 47. Rxd5+ Ke7 48. Rd7+ Ke8 49. Ke4 Ng3+ 50. Ke5 Nf5 51. Rxh7 Nxd4 52. Kf6 Kd8 53. Rh8+ 1-0

[Event "Nova Gorica op-B 14th"]
[Site "Nova Gorica"]
[Date "2009.02.06"]
[Round "8"]
[White "Forlano, Luigi"]
[Black "Kersic, Matej"]
[Result "1-0"]
[WhiteElo "1999"]
[BlackElo "2166"]
[PlyCount "53"]
[EventDate "2009.01.31"]
[EventType "swiss"]
[EventRounds "9"]
[EventCountry "SLO"]
[SourceTitle "EXT 2011"]
[Source "ChessBase"]
[SourceDate "2010.11.26"]
[SourceVersion "1"]
[SourceVersionDate "2010.11.26"]
[SourceQuality "1"]

1. e4 c5 2. Nc3 d6 3. f4 g6 4. Nf3 Bg7 5. Bb5+ Bd7 6. Bc4 Nf6 7. 0-0 0-0 8. d3 Nc6 9. Qe1 Na5 10. Qh4 Nxc4 11. dxc4 h5 12. f5 Re8 13. fxg6 fxg6 14. Qg5 Be6 15. Qxg6 Bf7 16. Qg3 Kh8 17. Ng5 Bxc4 18. Qh4 Qd7 19. Rf4 Kg8 20. b3 Be6 21. Bb2 Rf8 22. Raf1 a6 23. h3 b5 24. Ne2 Bf7 25. Nxf7 Rxf7 26. Ng3 Raf8 27. Nxh5 1-0